书目信息 |
| 题名: |
体育心理学
|
|
| 作者: | 马启伟 主编 | |
| 分册: | ||
| 出版信息: | 北京 高等教育出版社 1996 |
|
| 页数: | 388页 | |
| 开本: | 20cm | |
| 丛书名: | ||
| 单 册: | ||
| 中图分类: | G804.2 | |
| 科图分类: | ||
| 主题词: | 体育心理学--高等学校--教材 | |
| 电子资源: | ||
| ISBN: | 7-04-005658-5 | |
| 000 | 00600nam0 2200217 45 | |
| 001 | 0196038992 | |
| 005 | 20070702164051.84 | |
| 010 | @a7-04-005658-5@dCNY12.10 | |
| 100 | @a19960813d1996 em y0chiy0121 ea | |
| 101 | 0 | @achi |
| 102 | @aCN@b110000 | |
| 105 | @ay z 000yy | |
| 200 | 10 | @a体育心理学@ATI YU XIN LI XUE@f马启伟主编@FMA QI WEI ZHU BIAN |
| 210 | @a北京@c高等教育出版社@d1996 | |
| 215 | @a388页@d20cm | |
| 300 | @a高等学校教材 | |
| 606 | @a体育心理学@x高等学校@x教材 | |
| 690 | @aG804.2@v3 | |
| 701 | 0 | @a马启伟@AMA QI WEI@4主编 |
| 801 | 0 | @aCN@bTSSF@c20070702 |
| 905 | @a10447@dG804.2@e179 | |
| 体育心理学/马启伟主编.-北京:高等教育出版社,1996 |
| 388页;20cm |
| 高等学校教材 |
| ISBN 7-04-005658-5:CNY12.10 |
| ● |
| 相关链接 |
|
|
|
|
正题名:体育心理学
索取号:G804.2/179
 
预约/预借
| 序号 | 登录号 | 条形码 | 馆藏地/架位号 | 状态 | 备注 |
| 1 | 0493921 | 204939219 | 密集书库/ [索取号:G804.2/179] | 在馆 | |
| 2 | 0494136 | 204941368 | 密集书库/ [索取号:G804.2/179] | 在馆 | |
| 3 | 0494595 | 204945952 | 密集书库/ [索取号:G804.2/179] | 在馆 | |
| 4 | 0501991 | 205019914 | 密集书库/ [索取号:G804.2/179] | 在馆 | |
| 5 | 0684527 | 206845271 | 库房3/ [索取号:G804.2/179] | 在馆 | |
| 6 | 0684528 | 206845280 | 库房3/ [索取号:G804.2/179] | 在馆 | |
| 7 | 0684529 | 206845299 | 库房3/ [索取号:G804.2/179] | 在馆 | |
| 8 | 0684530 | 206845306 | 库房3/ [索取号:G804.2/179] | 在馆 | |
| 9 | 0684531 | 206845315 | 库房3/ [索取号:G804.2/179] | 在馆 | |
| 10 | 0684532 | 206845324 | 库房3/ [索取号:G804.2/179] | 在馆 | |
| 11 | 0764748 | 207647484 | 密集书库/ [索取号:G804.2/179] | 在馆 |